000 00611nam a2200229Ia 4500
003 GCL
008 140319s9999 xx 000 0 eng d
020 _a1857150201
040 _aGCL /
_cGCL
082 0 4 _a823
_bF G
100 1 _aFORD, MADOX FORD
245 1 0 _aTHE GOOD SOLDIER /
_cFORD, MADOX FORD
700 1 _aJUDD, ALAN
700 1 _aSAUNDERS, MAX
260 _aانجلترا :
_bEVERYMAN'S LIBRARY ،
_c1991
300 _a21 CM ؛
_cIVIII, 239 P
490 _aTHE MILLENNIUM LIBRARY
_v20
650 0 4 _aENGLISH LITERATURE
650 0 4 _aLITERATURE
650 0 4 _aENGLISH FICTION
942 _2ddc
_cBK
999 _c5587
_d5587